Statistics for Famous football players #2

Click here to take the quiz!

General Stats

  • This quiz has been taken 52 times
  • The average score is 12 of 16

Answer Stats

Answer% Correct
Gareth Bale
100%
Pelé
100%
Kylian Mbappé
98%
Thierry Henry
98%
Gianluigi Buffon
92%
Sergio Agüero
92%
James Rodríguez
90%
Paul Scholes
82%
Ruud Gullit
80%
Ole Gunnar Solskjær
78%
Alan Shearer
68%
Tim Howard
66%
Michael Owen
62%
Jürgen Klinsmann
58%
Fabien Barthez
42%
Nwankwo Kanu
32%

Score Distribution

Percentile by Number Answered

Percent of People with Each Score

Your Score History

You have not taken this quiz